ADVANCED COAL MINING TECHNOLOGY (Record no. 8712)

MARC details
000 -LEADER
fixed length control field 00405nam a22001697a 4500
005 - DATE AND TIME OF LATEST TRANSACTION
control field 20240920141851.0
008 - FIXED-LENGTH DATA ELEMENTS--GENERAL INFORMATION
fixed length control field 240920b |||||||| |||| 00| 0 eng d
041 ## - LANGUAGE CODE
Language code of text/sound track or separate title eng
082 ## - DEWEY DECIMAL CLASSIFICATION NUMBER
Classification number 622.33
100 ## - MAIN ENTRY--AUTHOR NAME
Personal name DAS , SAMIR KUMAR
245 ## - TITLE STATEMENT
Title ADVANCED COAL MINING TECHNOLOGY
250 ## - EDITION STATEMENT
Edition statement 1ST ED. 2022
260 ## - PUBLICATION, DISTRIBUTION, ETC. (IMPRINT)
Place of publication WEST BENGAL
Name of publisher SAGARDEEP PRAKASHAN
300 ## - PHYSICAL DESCRIPTION
Number of Pages 680;P
650 ## - SUBJECT ADDED ENTRY--TOPICAL TERM
Topical Term MINING
942 ## - ADDED ENTRY ELEMENTS (KOHA)
Koha item type Books
Holdings
Lost status Damaged status Collection code Home library Current library Shelving location Date acquired Source of acquisition Cost, normal purchase price Serial Enumeration / chronology Full call number Accession Number Koha item type
    MINING JRU Library JRU Library SHELF-94-B 19/09/2024 PURCHASE 1500.00 NEW ARRIVALS SHELF 622.33 28612 Books
    MINING JRU Library JRU Library SHELF-94-B 19/09/2024 PURCHASE 1500.00   622.33 28613 Books
    MINING JRU Library JRU Library SHELF-94-B 19/09/2024 PURCHASE 1500.00   622.33 28614 Books